| Поле | Название | Значение |
| |
Тип записи |
r |
| |
Библиографический уровень |
m |
| 001 |
Контрольный номер |
RU/IS/BASE/285675689 |
| 005 |
Дата корректировки |
20230707133358.6 |
| 010 |
Индекс ISBN |
__ |
| d |
Цена |
96-00 |
| 101 |
Язык документа |
0_ |
| a |
Язык текста |
rus |
| 200 |
Заглавие и сведения об ответственности |
1_ |
| a |
Заглавие |
Вечера на хуторе близ Диканьки |
| f |
Первые сведения об ответственности |
читает В. Герасимов |
| b |
Общее обозначение материала |
Электронный ресурс |
| 210 |
Выходные данные |
__ |
| a |
Место издания |
М. |
| c |
Издательство |
Ардис |
| d |
Дата издания |
2003 |
| 215 |
Физическое описание |
__ |
| a |
Объем |
1 электрон. опт. диск (СD-ROM) (10 ч. 38 мин.) |
| c |
Иллюстрации/тип воспроизводства |
зв. |
| 225 |
Серия (Журнальная рубрика) |
__ |
| a |
Серия (Журнальная рубрика) |
XIX век. Русская проза |
| 230 |
Специфическая характеристика материала: электронные ресурсы |
__ |
| a |
Обозначение и объем ресурса |
Электрон. прогр. |
| 300 |
Общие примечания |
__ |
| a |
Общие примечания |
Загл. с контейнера |
| 327 |
Примечание о содержании |
__ |
| a |
Примечание о содержании |
Сорочинская ярмарка ; Вечер на кануне Ивана Купала ; Майская ночь или утопленница ; Пропавшая грамота ; Предисловие ; Ночь перед Рождеством ; Страшная месть ; Иван Федорович и его тетушка ; |
| 606 |
Тематические рубрики |
__ |
| a |
Основная рубрика |
Художественная литература |
| 608 |
Указатель предметных рубрик |
__ |
| a |
Жанр/форма |
аудиокнига; повесть |
| 610 |
Ключевые слова |
__ |
| a |
Ключевые слова |
литература русская ; говорящая книга |
| 686 |
Индексы других классификаций |
__ |
| a |
Индекс ББК |
84(2Рос=Рус)1-4я04 |
| 700 |
Автор |
_1 |
| a |
Фамилия |
Гоголь |
| b |
Имя |
Н. В. |
| g |
Полное личное имя |
Николай Васильевич |
| 801 |
Источник записи |
_0 |
| a |
Страна |
RU |
| b |
Организация |
ЦРБ, Сургут |
| g |
Правила каталогизации |
PSBO |
| 801 |
Источник записи |
_1 |
| a |
Страна |
RU |
| b |
Организация |
ЦРБ, Сургут |
| g |
Правила каталогизации |
PSBO |
| 852 |
Данные о местонахождении |
__ |
| j |
Шифр хранения |
84(2Рос=Рус)1 |
| i |
Авторский знак |
Г 58 |
| p |
Инвентарный номер |
75792 |
| b |
Сигла хранения |
ООЧ; 8; 9; 10; 12; 14; 16; 18; 22; 24; 26; 29; 32 |
| 901 |
Тип документа |
__ |
| t |
Тип документа |
m |
| 905 |
Дата создания БЗ |
__ |
| a |
Дата создания БЗ |
2009.01.16 |
| 990 |
Данные о заказе (DOS) |
__ |
| h |
N записи в КСУ для Б/У (DOS) |
2009-1 |
| j |
Количество экземпляров (DOS) |
13 |